LEADER 00694nam a2200205 i 4500 001 000000172064 003 CaOOAMICUS 005 20080523000000.0 008 080523s1946 it u000 u fre u 013 $a149501 040 $aSeMil$bita 100 1 $aEstang, Luc.$0(OLS)http://semarc/name/36829 245 13$aLe passage du seigneur /$cLuc Estang. 250 $a2. édition. 260 $aParis :$bLaffont,$c1946. 300 $a260 p. ;$c19 cm. 850 $aSeMil 852 $aSeMil$W1$xVenegono$y1$m1W IV 145$j122927$B122927$CSeMilBibl$Z2$F134233 $81 996 $6245$aLe passage du seigneur$9(OLS)http://semarc/title/246313 996 $6260$aParis :$bLaffont$9(OLS)http://semarc/publisher/31807 LEADER 01341nam a2200301 i 4500 001 000000172891 003 CaOOAMICUS 005 20081127000000.0 008 081127s1989 it u000 u ita u 013 $a150339 020 $a88-343-4858-3 040 $aSeMil$bita 245 10$aNon solo automi :$brisorse umane e relazioni di lavoro nell'impresa che cambia /$cMaurizio Ambrosini. 260 $aMilano :$bVita e Pensiero,$ccopyr.1989. 300 $a225 p. :$btabelle ;$c21 cm. 490 0 $aGli uomini e i tempi ;$v8 500 $aContiene : Bibliografia. - Dono del card. Giovanni Colombo. 650 4$aImpresa - Aspetti sociali.$0(OLS)http://semarc/subject/20507 650 4$aImpresa - Aspetti etici.$0(OLS)http://semarc/subject/16869 650 4$aSociologia del lavoro.$0(OLS)http://semarc/subject/5062 830 4$aGli uomini e i tempi ;$v8.$0(OLS)http://semarc/title/10691 850 $aSeMil 852 $aSeMil$W1$xVenegono$y1$m3M I 198$j123743$B123743$CSeMilBibl$Z2$F141084 $81 941 1 $a3 961 $aLascito: Colombo Card. Giovanni 996 $6020$a88-343-4858-3$9(OLS)http://semarc/number/160451 996 $6245$aNon solo automi :$brisorse umane e relazioni di lavoro nell'impresa che cambia$9(OLS)http://semarc/title/247692 996 $6260$aMilano :$bVita e Pensiero$9(OLS)http://semarc/publisher/29642